000
00256 a2200097 4500
082
_a
547 YOU
100
_a
M.Younas
245
_a
A Textbook of Organic Chemistry
_c
M.Younas
260
_a
Lahore:
_b
Ilmi Kutan Khana,
_c
2006.
300
_a
644p. :
_b
ill. ;
_c
25 cm
650
_a
organic chemistry
999
_c
607
_d
607